Management Principles And Applications (Record no. 227217)
[ view plain ]
| 000 -LEADER | |
|---|---|
| fixed length control field | 00598nam a22002177a 4500 |
| 005 - DATE AND TIME OF LATEST TRANSACTION | |
| control field | 20230420094618.0 |
| 008 - FIXED-LENGTH DATA ELEMENTS--GENERAL INFORMATION | |
| fixed length control field | 230420b ||||| |||| 00| 0 eng d |
| 020 ## - INTERNATIONAL STANDARD BOOK NUMBER | |
| International Standard Book Number | 9789393954374 |
| 040 ## - CATALOGING SOURCE | |
| Transcribing agency | AL |
| 041 ## - LANGUAGE CODE | |
| Language code of text/sound track or separate title | English |
| 082 ## - DEWEY DECIMAL CLASSIFICATION NUMBER | |
| Edition number | 23 |
| Classification number | 658 |
| Item number | BHIM |
| 100 ## - MAIN ENTRY--PERSONAL NAME | |
| Personal name | Bhimasha KB |
| 100 ## - MAIN ENTRY--PERSONAL NAME | |
| 9 (RLIN) | 90757 |
| 245 ## - TITLE STATEMENT | |
| Title | Management Principles And Applications |
| 260 ## - PUBLICATION, DISTRIBUTION, ETC. | |
| Place of publication, distribution, etc. | Kalaburagi |
| Name of publisher, distributor, etc. | SS Bhavikatti Prakashana |
| Date of publication, distribution, etc. | 2022 |
| 300 ## - PHYSICAL DESCRIPTION | |
| Extent | vi,180 p. |
| Other physical details | PB |
| Dimensions | 21.5x14 cm. |
| 365 ## - TRADE PRICE | |
| Price amount | ₹150.00 |
| Currency code | ₹ |
| Unit of pricing | ₹150.00 |
| 650 ## - SUBJECT ADDED ENTRY--TOPICAL TERM | |
| Topical term or geographic name entry element | I SEM Bcom |
| 9 (RLIN) | 90738 |
| 650 ## - SUBJECT ADDED ENTRY--TOPICAL TERM | |
| Topical term or geographic name entry element | NEP |
| 9 (RLIN) | 90739 |
| 700 ## - ADDED ENTRY--PERSONAL NAME | |
| Personal name | BHIMASHA (KB) |
| 9 (RLIN) | 90740 |
| 942 ## - ADDED ENTRY ELEMENTS (KOHA) | |
| Source of classification or shelving scheme | Dewey Decimal Classification |
| Koha item type | Donated Books |
| Withdrawn status | Lost status | Source of classification or shelving scheme | Damaged status | Not for loan | Collection code | Home library | Current library | Date acquired | Cost, normal purchase price | Total Checkouts | Full call number | Barcode | Date last seen | Date last checked out | Cost, replacement price | Price effective from | Koha item type | Public note |
|---|---|---|---|---|---|---|---|---|---|---|---|---|---|---|---|---|---|---|
| Dewey Decimal Classification | Management | St Aloysius Library | St Aloysius Library | 04/19/2023 | 150.00 | 1 | 658 BHIM | D04875 | 11/13/2023 | 08/17/2023 | 150.00 | 04/20/2023 | Donated Books | Donated by SS Bhavikatti Prakashana | ||||
| Dewey Decimal Classification | Management | St Aloysius Library | St Aloysius Library | 04/19/2023 | 150.00 | 1 | 658 BHIM | D04878 | 11/10/2023 | 11/03/2023 | 150.00 | 04/20/2023 | Donated Books | Donated by SS Bhavikatti Prakashana |